La grande guerre : (Record no. 47774)
[ view plain ]
| 000 -LEADER | |
|---|---|
| campo de control de longitud fija | 00945nam a2200181 i 4500 |
| 001 - NÚMERO DE CONTROL | |
| campo de control | 47774 |
| 003 - IDENTIFICADOR DE NÚMERO DE CONTROL | |
| campo de control | ES-MaACL |
| 005 - FECHA Y HORA DE LA ÚLTIMA TRANSACCIÓN | |
| campo de control | 20230906161628.0 |
| 007 - CAMPO FIJO DE DESCRIPCIÓN FÍSICA--INFORMACIÓN GENERAL | |
| campo de control de longitud fija | t| |
| 008 - DATOS DE LONGITUD FIJA--INFORMACIÓN GENERAL | |
| campo de control de longitud fija | 160712m19161918fr ||||1| fre d |
| 245 03 - MENCIÓN DEL TÍTULO | |
| Título | La grande guerre : |
| Resto del título | iconographie, bibliographie, documents divers. |
| 260 ## - PUBLICACIÓN, DISTRIBUCIÓN, ETC. | |
| Lugar de publicación, distribución, etc. | Paris : |
| Nombre del editor, distribuidor, etc. | Emile-Paul frères, |
| Fecha de publicación, distribución, etc. | 1916-1918. |
| 300 ## - DESCRIPCIÓN FÍSICA | |
| Extensión | 5 v. ; |
| Dimensiones | 25 cm. |
| 505 8# - NOTA DE CONTENIDO CON FORMATO | |
| Nota de contenido con formato | Contiene: V. 1º y 5º: Catalogue raisonné des Estampes. Originaux, Affiches illustrées etc. du 1er Août 1914 au 31 Décembre 1915 -- Vol. 2, 3, 4: Catalogue raisonné des ouvrages français et étrangers, publications fasciculaires périodiques, articles de revues, compositions musicales, cartes géographiques et affiches-texte du 1er août 1914 au 31 mars 1916... avec table alphabétique |
| 594 ## - Nota al título y mención de responsabilidad | |
| Nota al título y mención de responsabilidad | Precede al tít.: Collection Henri Leblanc. |
| 650 #4 - PUNTO DE ACCESO ADICIONAL DE MATERIA--TÉRMINO DE MATERIA | |
| Término de materia o nombre geográfico como elemento de entrada | Guerra mundial, 1914-1918- |
| Subdivisión de forma | Bibliografías. |
| 9 (RLIN) | 160148 |
| 852 ## - LOCALIZACIÓN | |
| Ubicación | ES-MaACL |
| Número de control de estantería | G-4915-19 |
| Estatus retirado | Estado de pérdida | Estado de daño | No para préstamo | Biblioteca de origen | Biblioteca actual | Ubicación en estantería | Fecha de adquisición | Fuente de adquisición | Total de préstamos | Signatura topográfica completa | Código de barras | Visto por última vez | Precio de reemplazo | Tipo de ítem Koha |
|---|---|---|---|---|---|---|---|---|---|---|---|---|---|---|
| Biblioteca del Ateneo de Madrid | Biblioteca del Ateneo de Madrid | Depósito 2 | 12/07/2016 | G-4915-19 | 1195571 | 23/02/2023 | 23/02/2023 | Libro impreso |
